00522nmm a2200157Ia 4500008004100000020001800041041000800059100002900067245010400096264005600200300001800256650001400274856005200288942000700340999001700347251105s9999||||xx |||||||||||||||||und|| a9788497440288 aspa aOrtiz Córdoba, Ángel 0aBiografía de Álvarez de Quindós (1751-1812) :b Algunas páginas de la historia de mi pueblo a[Madrid, España] :bEdiciones Doce Calles, c2004 a161 páginas aBiography uhttps://public.digitaliapublishing.com/a/162622 cCF c90537d90537